The best of the best (Record no. 79062)

MARC details
000 -LEADER
fixed length control field 01086cab a22001815a 4500
001 - CONTROL NUMBER
control field L139656
008 - FIXED-LENGTH DATA ELEMENTS--GENERAL INFORMATION
fixed length control field 070802s2007 xxk f 000 0 eng d
035 ## - SYSTEM CONTROL NUMBER
System control number (Sirsi) u139656
041 0# - LANGUAGE CODE
Language code of text/sound track or separate title eng
110 2# - MAIN ENTRY--CORPORATE NAME
Corporate name or jurisdiction name as entry element National Real Estate Investor
9 (RLIN) 3607
245 04 - TITLE STATEMENT
Title The best of the best
Remainder of title National Real Estate Investor presents its annual rankings of the leading commercial real estate companies
260 ## - PUBLICATION, DISTRIBUTION, ETC.
Date of publication, distribution, etc. 2007
490 #0 - SERIES STATEMENT
Series statement National Real Estate Investor Supplement
Volume/sequential designation 49(7) July 2007, 3-51(37)
520 ## - SUMMARY, ETC.
Summary, etc. Commentary reports that the high number of mergers and acquisitions over the past year is unprecedented. Competitive debt financing has buoyed property sales, with $241bn worth of assets changing hands. Covers brokerages; office owners and developers; industrial owners and developers; property managers; direct lenders; financial intermediaries; apartment owners and managers; shopping centre owners; and hotel owners. Contains address details for top performing companies in each area.
651 #4 - SUBJECT ADDED ENTRY--GEOGRAPHIC NAME
Geographic name United States
Chronological subdivision 1959-
690 ## - LOCAL SUBJECT ADDED ENTRY--TOPICAL TERM (OCLC, RLIN)
Topical term or geographic name as entry element PROPERTY-COMMERCIAL PROPERTY
942 ## - ADDED ENTRY ELEMENTS (KOHA)
Suppress in OPAC 0
Holdings
Withdrawn status Lost status Source of classification or shelving scheme Damaged status Not for loan Home library Current library Shelving location Date acquired Total Checkouts Full call number Barcode Date last seen Copy number Price effective from Koha item type
    Dewey Decimal Classification     London London Journal article 02/08/2007   L139656 139656-1001 06/08/2019 1 06/08/2019 Journal article